Statistics for Taylor Swift - loml (Lyrics)

Click here to take the quiz!

General Stats

  • This quiz has been taken 41 times
  • The average score is 279 of 367

Answer Stats

Answer% Correct
I
100%
"I
100%
of
100%
said,
100%
said
100%
The
100%
the
100%
"We
100%
We
100%
we
100%
a
96%
A
96%
I'm
96%
life
96%
love-
96%
love
96%
You
96%
you
96%
you?
96%
your
96%
Your
96%
And
92%
and
92%
be
92%
me
92%
time
92%
time"
92%
had
88%
he
88%
In
88%
in
88%
It
88%
it
88%
know
88%
loss
88%
my
88%
to
88%
was
88%
all
83%
All
83%
get-
83%
get
83%
go
83%
If
83%
legendary
83%
never
83%
"Never
83%
Never
83%
since
83%
this
83%
thought
83%
You're
83%
at
79%
before
79%
ever
79%
for
79%
from
79%
getting
79%
it's
79%
kids,
79%
million
79%
mind"
79%
mind,
79%
momentary
79%
on
79%
one
79%
times
79%
told
79%
were
79%
almost
75%
buried
75%
glimpse,
75%
kiss
75%
like
75%
married
75%
nick
75%
then
75%
un-recall
75%
What
75%
what
75%
wish
75%
anyway?
71%
cemetery
71%
could
71%
don't
71%
felt
71%
flames
71%
gonna
71%
how
71%
just
71%
killing
71%
quite
71%
stop
71%
suit
71%
table,
71%
takes
71%
tell
71%
tie,
71%
Who's
71%
better
67%
black
67%
cry
67%
die
67%
her
67%
make
67%
rekindled
67%
should've
67%
Steal
67%
steps
67%
Still
67%
still
67%
talking
67%
under
67%
unnecessary,
67%
us
67%
white
67%
alive,
63%
are
63%
away
63%
'cause
63%
eyed
63%
Girl,
63%
guy,
63%
I'll
63%
"I'll
63%
into
63%
let
63%
out
63%
plot
63%
rings
63%
second-
63%
stand-
63%
starry-
63%
they
63%
twists
63%
up
63%
waltzing
63%
About
58%
babe"
58%
back
58%
bed
58%
boy,
58%
can't
58%
cradles
58%
dead?
58%
down
58%
hand
58%
hell,
58%
low-
58%
quick
58%
see
58%
shit-
58%
something
58%
stay
58%
talked
58%
those
58%
When
58%
when
58%
Dancing
54%
embarrassed
54%
Mr.
54%
safe
54%
scheme
54%
Stitching,
54%
than
54%
too
54%
aglow
50%
cinephile
50%
eyes
50%
fakes
50%
Ghost,
50%
hole
50%
leave"
50%
lion
50%
Oh,
50%
once,
50%
Our
50%
paintings
50%
terrace,
50%
truth,
50%
turned
50%
until
50%
bland
46%
But
46%
claimed
46%
conman
46%
coward
46%
dynamite
46%
goodbye
46%
Heaven
46%
roar
46%
bleeds
42%
braids
42%
counterfeit's
42%
fool
42%
Holy
42%
impressionist
42%
ink
42%
lies
42%
phantoms
42%
sells
42%
somber
42%
That
42%
through
42%
took
42%
valiant
42%
combing
38%
dreams,
38%
embroidered
38%
field
38%
fire
38%
match,
38%
memories
38%
reformed
38%
Well,
38%
with
38%
blew
33%
arson's
29%
winds
29%
engulfed
25%
fate
25%

Score Distribution

Percentile by Number Answered

Percent of People with Each Score

Your Score History

You have not taken this quiz